Najpopularniejsze kosmetyki marki - Statystyki

Ogólne statystyki
  • Ten quiz został rozwiązany 508 razy
  • Średni wynik to 3 z 8
Statystyki odpowiedzi
Odpowiedź % Poprawnych
Nivea
59%
Dior
53%
Ziaja
39%
Dove
28%
Avon
27%
Isana
23%
Oriflame
12%
Douglas
11%
Nie znaleziono quizów pasujących do podanych kryteriów
Rozkład punktacji
Procent ludzi z każdym wynikiem
Percentyl według liczby udzielonych odpowiedzi
Twoja historia wyników
Nie rozwiązałeś tego quizu